=LDR 00000nam 2200000 4500 =001 000993 =005 20250712022431 =035 ##$$a 0010-0725000872 =007 ta =008 250712################a##########0#ind## =082 ##$$a 398. 209 598 =084 ##$$a 398. 209 598 KAN t =100 #$$a Kanna, Rakesh =245 1#$$a Tinggi Dua Kali Lipat /$c Rakesh Kanna =250 ##$$a Cetakan Kedua =260 ##$$a Jakarta Timur :$b Badan Pengembangan dan Pembinaan Bahasa,$c 2024 =300 ##$$a 16 hlm. : $b Ilus. ; $c 21 cm =650 #4$$a Cerita anak Indonesia-Terjemahan =650 #4$$a Literasi-Bahan Bacaan =990 ##$$a TBM2024006247